<?xml version="1.0" encoding="UTF-8"?>
<record
    xmlns:xsi="http://www.w3.org/2001/XMLSchema-instance"
    xsi:schemaLocation="http://www.loc.gov/MARC21/slim http://www.loc.gov/standards/marcxml/schema/MARC21slim.xsd"
    xmlns="http://www.loc.gov/MARC21/slim">

  <leader>     nam a22     7a 4500</leader>
  <datafield tag="999" ind1=" " ind2=" ">
    <subfield code="c">50366</subfield>
    <subfield code="d">50366</subfield>
  </datafield>
  <controlfield tag="003">OSt</controlfield>
  <controlfield tag="005">20201231111602.0</controlfield>
  <controlfield tag="008">201231b        xxu||||| |||| 00| 0 eng d</controlfield>
  <datafield tag="040" ind1=" " ind2=" ">
    <subfield code="c">sero soft</subfield>
  </datafield>
  <datafield tag="100" ind1=" " ind2=" ">
    <subfield code="a">Gupta,S</subfield>
  </datafield>
  <datafield tag="245" ind1=" " ind2=" ">
    <subfield code="a">school management/vidhalya prabandhan</subfield>
  </datafield>
  <datafield tag="260" ind1=" " ind2=" ">
    <subfield code="a">delhi</subfield>
    <subfield code="b">shipra pub delhi</subfield>
  </datafield>
  <datafield tag="300" ind1=" " ind2=" ">
    <subfield code="a">296</subfield>
  </datafield>
  <datafield tag="942" ind1=" " ind2=" ">
    <subfield code="2">ddc</subfield>
    <subfield code="c">03</subfield>
  </datafield>
  <datafield tag="952" ind1=" " ind2=" ">
    <subfield code="0">0</subfield>
    <subfield code="1">0</subfield>
    <subfield code="2">ddc</subfield>
    <subfield code="4">0</subfield>
    <subfield code="7">0</subfield>
    <subfield code="a">05</subfield>
    <subfield code="b">05</subfield>
    <subfield code="d">2020-12-31</subfield>
    <subfield code="e">arista pub new delhi</subfield>
    <subfield code="g">180.00</subfield>
    <subfield code="i">ho/in/43--24/12/20</subfield>
    <subfield code="l">0</subfield>
    <subfield code="p">05-B-17553</subfield>
    <subfield code="r">2020-12-31</subfield>
    <subfield code="w">2020-12-31</subfield>
    <subfield code="y">02</subfield>
  </datafield>
  <datafield tag="952" ind1=" " ind2=" ">
    <subfield code="0">0</subfield>
    <subfield code="1">0</subfield>
    <subfield code="2">ddc</subfield>
    <subfield code="4">0</subfield>
    <subfield code="7">0</subfield>
    <subfield code="a">05</subfield>
    <subfield code="b">05</subfield>
    <subfield code="d">2020-12-31</subfield>
    <subfield code="e">arista pub new delhi</subfield>
    <subfield code="g">180.00</subfield>
    <subfield code="i">ho/in/43--24/12/20</subfield>
    <subfield code="l">0</subfield>
    <subfield code="p">05-B-17554</subfield>
    <subfield code="r">2020-12-31</subfield>
    <subfield code="w">2020-12-31</subfield>
    <subfield code="y">02</subfield>
  </datafield>
  <datafield tag="952" ind1=" " ind2=" ">
    <subfield code="0">0</subfield>
    <subfield code="1">0</subfield>
    <subfield code="2">ddc</subfield>
    <subfield code="4">0</subfield>
    <subfield code="7">0</subfield>
    <subfield code="a">05</subfield>
    <subfield code="b">05</subfield>
    <subfield code="d">2020-12-31</subfield>
    <subfield code="e">arista pub new delhi</subfield>
    <subfield code="g">180.00</subfield>
    <subfield code="i">ho/in/43--24/12/20</subfield>
    <subfield code="l">0</subfield>
    <subfield code="p">05-B-17555</subfield>
    <subfield code="r">2020-12-31</subfield>
    <subfield code="w">2020-12-31</subfield>
    <subfield code="y">02</subfield>
  </datafield>
  <datafield tag="952" ind1=" " ind2=" ">
    <subfield code="0">0</subfield>
    <subfield code="1">0</subfield>
    <subfield code="2">ddc</subfield>
    <subfield code="4">0</subfield>
    <subfield code="7">0</subfield>
    <subfield code="a">05</subfield>
    <subfield code="b">05</subfield>
    <subfield code="d">2020-12-31</subfield>
    <subfield code="e">arista pub new delhi</subfield>
    <subfield code="g">180.00</subfield>
    <subfield code="i">ho/in/43--24/12/20</subfield>
    <subfield code="l">0</subfield>
    <subfield code="p">05-B-17556</subfield>
    <subfield code="r">2020-12-31</subfield>
    <subfield code="w">2020-12-31</subfield>
    <subfield code="y">02</subfield>
  </datafield>
  <datafield tag="952" ind1=" " ind2=" ">
    <subfield code="0">0</subfield>
    <subfield code="1">0</subfield>
    <subfield code="2">ddc</subfield>
    <subfield code="4">0</subfield>
    <subfield code="7">0</subfield>
    <subfield code="a">05</subfield>
    <subfield code="b">05</subfield>
    <subfield code="d">2020-12-31</subfield>
    <subfield code="e">arista pub new delhi</subfield>
    <subfield code="g">180.00</subfield>
    <subfield code="i">ho/in/43--24/12/20</subfield>
    <subfield code="l">0</subfield>
    <subfield code="p">05-B-17557</subfield>
    <subfield code="r">2020-12-31</subfield>
    <subfield code="w">2020-12-31</subfield>
    <subfield code="y">02</subfield>
  </datafield>
  <datafield tag="952" ind1=" " ind2=" ">
    <subfield code="0">0</subfield>
    <subfield code="1">0</subfield>
    <subfield code="2">ddc</subfield>
    <subfield code="4">0</subfield>
    <subfield code="7">0</subfield>
    <subfield code="a">05</subfield>
    <subfield code="b">05</subfield>
    <subfield code="d">2020-12-31</subfield>
    <subfield code="e">arista pub new delhi</subfield>
    <subfield code="g">180.00</subfield>
    <subfield code="i">ho/in/43--24/12/20</subfield>
    <subfield code="l">0</subfield>
    <subfield code="p">05-B-17558</subfield>
    <subfield code="r">2020-12-31</subfield>
    <subfield code="w">2020-12-31</subfield>
    <subfield code="y">02</subfield>
  </datafield>
  <datafield tag="952" ind1=" " ind2=" ">
    <subfield code="0">0</subfield>
    <subfield code="1">0</subfield>
    <subfield code="2">ddc</subfield>
    <subfield code="4">0</subfield>
    <subfield code="7">0</subfield>
    <subfield code="a">05</subfield>
    <subfield code="b">05</subfield>
    <subfield code="d">2020-12-31</subfield>
    <subfield code="e">arista pub new delhi</subfield>
    <subfield code="g">180.00</subfield>
    <subfield code="i">ho/in/43--24/12/20</subfield>
    <subfield code="l">0</subfield>
    <subfield code="p">05-B-17559</subfield>
    <subfield code="r">2020-12-31</subfield>
    <subfield code="w">2020-12-31</subfield>
    <subfield code="y">02</subfield>
  </datafield>
  <datafield tag="952" ind1=" " ind2=" ">
    <subfield code="0">0</subfield>
    <subfield code="1">0</subfield>
    <subfield code="2">ddc</subfield>
    <subfield code="4">0</subfield>
    <subfield code="7">0</subfield>
    <subfield code="a">05</subfield>
    <subfield code="b">05</subfield>
    <subfield code="d">2020-12-31</subfield>
    <subfield code="e">arista pub new delhi</subfield>
    <subfield code="g">180.00</subfield>
    <subfield code="i">ho/in/43--24/12/20</subfield>
    <subfield code="l">0</subfield>
    <subfield code="p">05-B-17560</subfield>
    <subfield code="r">2024-07-09</subfield>
    <subfield code="w">2020-12-31</subfield>
    <subfield code="y">02</subfield>
  </datafield>
</record>
